[Event "Sochi Pearl Blitz op"]
[Site "Sochi"]
[Date "2023.10.12"]
[Round "12"]
[White "Hirneise, Jens"]
[Black "Rogov, Ivan"]
[Result "1-0"]
[WhiteElo "2266"]
[BlackElo "1788"]
[PlyCount "20"]
[EventDate "2023.10.12"]
[EventType "swiss (blitz)"]
[EventRounds "13"]
[EventCountry "RUS"]
[SourceTitle "Mega2024 Update 01"]
[Source "Chessbase"]
[SourceDate "2023.11.12"]
[SourceVersion "1"]
[SourceVersionDate "2023.11.12"]
[SourceQuality "1"]

1. e4 c5 2. Nf3 d6 3. Bb5+ Nd7 4. 0-0 Ngf6 5. Nc3 a6 6. Bxd7+ Bxd7 7. d4 cxd4 8. Qxd4 e5 9. Qd3 h6 10. a4 Be7 1-0

[Event "Sochi Pearl Blitz op"]
[Site "Sochi"]
[Date "2023.10.12"]
[Round "6"]
[White "Rogov, Ivan"]
[Black "Oganian, Miran"]
[Result "0-1"]
[WhiteElo "1788"]
[BlackElo "2433"]
[PlyCount "94"]
[EventDate "2023.10.12"]
[EventType "swiss (blitz)"]
[EventRounds "13"]
[EventCountry "RUS"]
[SourceTitle "Mega2024 Update 01"]
[Source "Chessbase"]
[SourceDate "2023.11.12"]
[SourceVersion "1"]
[SourceVersionDate "2023.11.12"]
[SourceQuality "1"]

1. e4 c5 2. Nf3 Nc6 3. d4 cxd4 4. Nxd4 Qc7 5. Nc3 e6 6. Be2 Nf6 7. 0-0 Be7 8. Be3 0-0 9. f4 d6 10. Kh1 Nxd4 11. Bxd4 e5 12. Be3 b6 13. fxe5 dxe5 14. Qe1 Be6 15. Qg3 Rfd8 16. Rad1 Rxd1 17. Rxd1 Rd8 18. Bd3 Ng4 19. Bg1 h5 20. h3 Nf6 21. Be3 Ne8 22. Bg5 Bxg5 23. Qxg5 g6 24. Rf1 Ng7 25. Qf6 Re8 26. Bb5 Rd8 27. Bd3 Rf8 28. Nd5 Bxd5 29. exd5 Rd8 30. c4 Re8 31. Be4 Qd7 32. b3 Qe7 33. Qf3 f5 34. Bb1 e4 35. Qf4 Qe5 36. Qg5 Kh7 37. Re1 e3 38. Bd3 Qd4 39. Be2 Qd2 40. Qh4 Re4 41. Qg3 f4 42. Qf3 Qxe1+ 43. Kh2 Rd4 44. d6 Rxd6 45. Qxf4 Rd2 46. Bf3 Qf2 47. Qg5 Qxf3 0-1

[Event "Novorossiysk Small Land Blitz op"]
[Site "Novorossiysk"]
[Date "2023.07.29"]
[Round "4"]
[White "Rogov, Ivan"]
[Black "Grebnev, Aleksey"]
[Result "1-0"]
[WhiteElo "1748"]
[BlackElo "2488"]
[PlyCount "69"]
[EventDate "2023.07.29"]
[EventType "swiss (blitz)"]
[EventRounds "13"]
[EventCountry "RUS"]
[SourceTitle "CBM 215 Extra"]
[Source "ChessBase"]
[SourceDate "2023.09.30"]
[SourceVersion "1"]
[SourceVersionDate "2023.09.30"]
[SourceQuality "1"]

1. e4 c5 2. Nf3 d6 3. d4 cxd4 4. Nxd4 Nf6 5. Nc3 a6 6. Be3 e5 7. Nb3 Be6 8. Qd2 Nbd7 9. 0-0-0 Rc8 10. Kb1 b5 11. a3 Be7 12. f4 0-0 13. f5 Bc4 14. g4 Nxg4 15. Rg1 Nxe3 16. Qxe3 Kh8 17. Rg3 Bxf1 18. Rxf1 Nf6 19. Rfg1 Rxc3 20. bxc3 Rg8 21. Rh3 Qc7 22. Qg3 g6 23. Rh6 Rg7 24. fxg6 Rxg6 25. Rxg6 hxg6 26. Qf3 Qc4 27. Nd2 Qc5 28. Rg3 Qxa3 29. h4 b4 30. cxb4 Qxb4+ 31. Kc1 a5 32. Qb3 Qd4 33. Qxf7 Qf2 34. Rxg6 Qe1+ 35. Kb2 1-0

[Event "Novorossiysk Small Land op"]
[Site "Novorossiysk"]
[Date "2023.07.20"]
[Round "4"]
[White "Rogov, Ivan"]
[Black "Yandarbiev, Ruslan"]
[Result "0-1"]
[WhiteElo "1748"]
[BlackElo "2216"]
[PlyCount "72"]
[EventDate "2023.07.17"]
[EventType "swiss"]
[EventRounds "9"]
[EventCountry "RUS"]
[SourceTitle "CBM 215 Extra"]
[Source "ChessBase"]
[SourceDate "2023.09.30"]
[SourceVersion "1"]
[SourceVersionDate "2023.09.30"]
[SourceQuality "1"]

1. e4 c5 2. Nf3 d6 3. d4 Nf6 4. Nc3 cxd4 5. Nxd4 a6 6. Be3 e5 7. Nb3 Be6 8. Qd2 Nbd7 9. 0-0-0 Rc8 10. Kb1 Be7 11. f4 b5 12. f5 Bc4 13. a3 Qc7 14. g4 Nxg4 15. Rg1 Nxe3 16. Qxe3 d5 17. Nxd5 Bxd5 18. Rxd5 Qxc2+ 19. Ka2 Nc5 20. Nxc5 Bxc5 21. Qg3 Bd4 22. Rxe5+ Bxe5 23. Qxe5+ Kd7 24. Rg3 Rc5 25. Qxg7 Rd8 26. Bd3 Qxh2 27. Bxb5+ Rxb5 28. Rg2 Qd6 29. Qxf7+ Kc8 30. Qa7 Qc6 31. Rg1 Rxb2+ 32. Kxb2 Rd2+ 33. Kb3 Qb5+ 34. Kc3 Qd3+ 35. Kb4 Rb2+ 36. Kc5 Rc2+ 0-1

[Event "Malaya Zemlya op"]
[Site "Novorossiysk"]
[Date "2021.07.12"]
[Round "1"]
[White "Rogov, Ivan"]
[Black "Rozum, Ivan"]
[Result "0-1"]
[WhiteElo "1773"]
[BlackElo "2542"]
[PlyCount "72"]
[EventDate "2021.07.12"]
[EventType "swiss"]
[EventRounds "9"]
[EventCountry "RUS"]
[SourceTitle "CBM 203 Extra"]
[Source "ChessBase"]
[SourceDate "2021.09.30"]
[SourceVersion "1"]
[SourceVersionDate "2021.09.30"]
[SourceQuality "1"]

1. e4 c6 2. d4 d5 3. exd5 cxd5 4. Bd3 Nc6 5. c3 Qc7 6. Ne2 Bg4 7. 0-0 e6 8. Qe1 Bxe2 9. Qxe2 Bd6 10. Qg4 f5 11. Qh4 Nf6 12. Re1 Kf7 13. g3 h6 14. Nd2 g5 15. Qh3 g4 16. Qg2 h5 17. f4 h4 18. Nf1 hxg3 19. hxg3 Rh3 20. Re2 Rah8 21. Bd2 Ne4 22. Bxe4 dxe4 23. Rd1 Ne7 24. b3 b5 25. Rc1 Qb7 26. c4 bxc4 27. bxc4 Rh1+ 28. Kf2 Nc6 29. Bc3 Ba3 30. Rd1 R8h7 31. Ke3 Qa6 32. Rc2 Qxc4 33. Bb4 Qa6 34. Bxa3 Qxa3+ 35. Kd2 Nxd4 36. Rc7+ Kg6 0-1

[Event "Sochi Lobanov Memorial"]
[Site "Sochi"]
[Date "2021.06.20"]
[Round "6"]
[White "Rogov, Ivan"]
[Black "Gochelashvili, David"]
[Result "0-1"]
[WhiteElo "1762"]
[BlackElo "2411"]
[PlyCount "66"]
[EventDate "2021.06.15"]
[EventType "swiss"]
[EventRounds "9"]
[EventCountry "RUS"]
[SourceTitle "CBM 203 Extra"]
[Source "ChessBase"]
[SourceDate "2021.09.30"]
[SourceVersion "1"]
[SourceVersionDate "2021.09.30"]
[SourceQuality "1"]

1. e4 g6 2. d4 Bg7 3. Nc3 c5 4. Nf3 cxd4 5. Nxd4 Nc6 6. Be3 Nf6 7. Nxc6 bxc6 8. e5 Ng8 9. Bd4 Nh6 10. e6 0-0 11. Bxg7 Kxg7 12. Qd4+ f6 13. exd7 Qxd7 14. Qxd7 Bxd7 15. 0-0-0 Rad8 16. Bc4 f5 17. Rhe1 Kf6 18. f4 Bc8 19. Na4 Rxd1+ 20. Rxd1 Ng4 21. g3 Ne3 22. Rd4 e5 23. fxe5+ Kxe5 24. c3 Nxc4 25. Rxc4 f4 26. Nc5 Kd5 27. b3 f3 28. Nd3 f2 29. Rd4+ Ke6 30. Re4+ Kd6 31. Nxf2 Rxf2 32. Rh4 h5 33. a4 Bg4 0-1

[Event "Sochi Lobanov Memorial"]
[Site "Sochi"]
[Date "2021.06.15"]
[Round "1"]
[White "Demidov, Mikhail"]
[Black "Rogov, Ivan"]
[Result "1-0"]
[WhiteElo "2523"]
[BlackElo "1762"]
[PlyCount "59"]
[EventDate "2021.06.15"]
[EventType "swiss"]
[EventRounds "9"]
[EventCountry "RUS"]
[SourceTitle "CBM 203 Extra"]
[Source "ChessBase"]
[SourceDate "2021.09.30"]
[SourceVersion "1"]
[SourceVersionDate "2021.09.30"]
[SourceQuality "1"]

1. Nf3 g6 2. d4 d5 3. c4 c6 4. cxd5 cxd5 5. Nc3 Nc6 6. Bf4 Bg7 7. e3 Nf6 8. h3 Bf5 9. Bb5 Qb6 10. 0-0 0-0 11. Bxc6 Qxc6 12. Qb3 Rfc8 13. Ne5 Qb6 14. Qxb6 axb6 15. Rfc1 Be6 16. f3 Ne8 17. Nd3 Nd6 18. Bxd6 exd6 19. b3 Bf8 20. Na4 b5 21. Nc3 Ra5 22. Nb4 Rca8 23. Rc2 Rc8 24. g4 f5 25. Rac1 fxg4 26. hxg4 Bh6 27. Ncxd5 Rca8 28. f4 Bxd5 29. Nxd5 Bg7 30. Rc8+ 1-0

[Event "Moscow op-A 17th"]
[Site "Moscow"]
[Date "2021.02.24"]
[Round "5"]
[White "Rogov, Ivan"]
[Black "Zemlyanskii, Ivan"]
[Result "1-0"]
[WhiteElo "1633"]
[BlackElo "1950"]
[PlyCount "121"]
[EventDate "2021.02.20"]
[EventType "swiss"]
[EventRounds "9"]
[EventCountry "RUS"]
[SourceTitle "CBM 200 Extra"]
[Source "ChessBase"]
[SourceDate "2021.03.31"]
[SourceVersion "1"]
[SourceVersionDate "2021.03.31"]
[SourceQuality "1"]

1. e4 c5 2. Nf3 e6 3. d4 cxd4 4. Nxd4 Qb6 5. Nb3 Qc7 6. Bd3 a6 7. 0-0 Nf6 8. f4 d6 9. Be3 Nbd7 10. a4 Be7 11. Nc3 h5 12. Kh1 h4 13. Be2 b6 14. Bf3 Bb7 15. Bd4 Rd8 16. Qe2 e5 17. Be3 h3 18. g3 d5 19. exd5 e4 20. Nxe4 Nxe4 21. Bxe4 Nf6 22. Bf3 Bxd5 23. Bxd5 Rxd5 24. c3 0-0 25. Bd4 Qd7 26. Qf3 Rd8 27. Rfe1 Ng4 28. Re2 Bc5 29. Rae1 Bxd4 30. Nxd4 Nf6 31. f5 Rxd4 32. cxd4 Qxd4 33. b3 Ng4 34. Rf1 Nf6 35. g4 Nxg4 36. Qxh3 Nf6 37. Rg2 Ne4 38. Qg4 Re8 39. Rfg1 Kf8 40. Qh4 Qe3 41. h3 Qf3 42. Kh2 Nf6 43. Rxg7 Re2+ 44. R7g2 Rxg2+ 45. Rxg2 Qxf5 46. Rf2 Qe5+ 47. Qf4 Qxf4+ 48. Rxf4 Nd7 49. h4 Kg7 50. b4 f6 51. Rd4 Ne5 52. Rd6 Nc4 53. Rc6 b5 54. a5 Na3 55. Rxa6 Nc2 56. Rb6 Nxb4 57. Rxb5 Nc6 58. a6 Kg6 59. Rb7 Na5 60. Rc7 f5 61. a7 1-0

[Event "Moscow op-A 17th"]
[Site "Moscow"]
[Date "2021.02.21"]
[Round "2"]
[White "Nikologorsky, Matfei"]
[Black "Rogov, Ivan"]
[Result "1-0"]
[WhiteElo "2215"]
[BlackElo "1633"]
[PlyCount "55"]
[EventDate "2021.02.20"]
[EventType "swiss"]
[EventRounds "9"]
[EventCountry "RUS"]
[SourceTitle "CBM 200 Extra"]
[Source "ChessBase"]
[SourceDate "2021.03.31"]
[SourceVersion "1"]
[SourceVersionDate "2021.03.31"]
[SourceQuality "1"]

1. e4 c5 2. Nf3 d6 3. d4 cxd4 4. Nxd4 Nf6 5. Nc3 a6 6. h3 e5 7. Nde2 b5 8. Ng3 Bb7 9. Bg5 Nbd7 10. Nh5 Rc8 11. Be2 Qb6 12. Bxf6 Nxf6 13. Nxf6+ gxf6 14. 0-0 Rg8 15. a4 bxa4 16. Nd5 Bxd5 17. Qxd5 Rxc2 18. Bc4 Qc7 19. Rxa4 a5 20. Qa8+ Ke7 21. Rxa5 Rxc4 22. Ra7 Rg6 23. Rxc7+ Rxc7 24. Qb8 Rd7 25. Ra1 Bh6 26. Ra8 d5 27. Qe8+ Kd6 28. Ra6+ 1-0